| 000 | 00917nam a22002657a 4500 | ||
|---|---|---|---|
| 999 |
_c4183 _d4183 |
||
| 003 | AR-CdUCM | ||
| 008 | 190308b ||||| |||| 00| 0 spa d | ||
| 040 |
_aMUNICIPALIDAD PROVINCIAL DEL CUSCO _cBIBLIOTECA MUNICIPAL DEL CUSCO |
||
| 082 |
_a778.6 / _bC97 |
||
| 110 |
_aMunicipalidad Provincial del Cusco _95084 |
||
| 245 | _aCusco, matices y colores / | ||
| 260 |
_aCusco : _bMunicipalidad Provincial del Cusco, _c2014. |
||
| 300 |
_a356 páginas ; _bIlustraciones en color, _c25 cm. |
||
| 505 | _aRaymy: Fiestas y actividades -- Runa: Creadores andinos -- Soqoy: Expresión popular | ||
| 650 |
_aFotografía _94511 |
||
| 650 |
_aCusco _9772 |
||
| 650 |
_aFiestas del Cusco _913258 |
||
| 650 |
_aArte _9561 |
||
| 650 |
_aCostumbres _9230 |
||
| 700 |
_aPallardel Moscoso, Danilo _97067 |
||
| 700 |
_aApaza Callañaupa, Roel _943904 |
||
| 700 |
_aVivanco, Gustavo _943905 |
||
| 942 |
_2ddc _cLIBROS |
||
| 945 | _admma | ||